000 00877nam a22002777a 4500
001 000433
003 DO-SdBNP
005 20171113114515.0
007 000433
008 160802b 1999 nyu ||||| |||| 00| 0 spa d
020 _a9780684850337
020 _a0684850338
040 _aBPMSU
_bspa
_cBPMSU
082 4 _a658.8
_bK87k
100 1 _aKotler, Philip
245 1 0 _aKotler on marketing :
_bhow to create, win, and dominate markets /
_cPhilip Kotler.
260 _aNew York :
_bFree Press,
_c1999.
300 _axiv, 257 p. :
_bil. ;
_c25 cm.
500 _aIncluye referencias bibliográficas y notas al pie de las páginas.
504 _aIncluye índice
650 _aAMINISTRACIÓN DE MERCADEO
910 _aValidado. Control de calidad MFF
942 _2ddc
_cBK
945 _aInventariado extrajenro / 2017 VM
956 _2LOPEREZ
_310
_620160102
_8BPMSU
_a00041
999 _c11069
_d11069